UFC Main Event Winners - Statistics

General Stats
  • This quiz has been taken 201 times
    45 since last reset
  • The average score is 107 of 137
Answer Stats
Hint Answer % Correct
281 | 295 | 300 | +2 others Alex Pereira
100%
189 | 194 | 202 | +2 others Conor McGregor
100%
187 | 192 | 210 | +2 others Daniel Cormier
100%
182 | 197 | 232 | +5 others Jon Jones
100%
214 Jon Jones*
100%
234 | 243 | 248 | +5 others Israel Adesanya
96%
206 | 212 | 218 | +3 others Max Holloway
96%
306 | 316 Merab Dvalishvili
96%
301 | 310 Alexandre Pantoja
93%
297 | 305 | 312 Dricus Du Plessis
93%
298 | 308 | 317 Ilia Topuria
93%
280 | 284 | 294 | +2 others Islam Makhachev
93%
245 | 251 | 258 | +2 others Kamaru Usman
93%
198 | 203 | 211 | +3 others Stipe Miocic
93%
223 | 229 | 242 | 254 Khabib Nurmagomedov
89%
319 Khamzat Chimaev
89%
278 | 286 | 296 Leon Edwards
89%
266 | 273 | 290 | 314 Alexander Volkanovski
85%
249 | 291 Justin Gaethje
85%
293 Sean Strickland
85%
236 | 257 | 264 Dustin Poirier
81%
315 Jack Della Maddalena
81%
313 Magomed Ankalaev
81%
292 | 299 Sean O'Malley
81%
304 Belal Muhammad
78%
186 | 191 Demetrious Johnson
78%
288 Aljamain Sterling
70%
260 | 270 Francis Ngannou
70%
283 Jamahal Hill
70%
200 | 207 | 215 | +4 others Amanda Nunes
67%
183 Anderson Silva*
67%
217 Georges St-Pierre
67%
275 Jiri Prochazka
67%
196 | 279 Nate Diaz
67%
262 | 269 | 274 Charles Oliveira
63%
272 Colby Covington
63%
227 TJ Dillashaw
59%
216 Tony Ferguson
59%
244 Jorge Masvidal
56%
199 | 204 Michael Bisping
56%
238 Henry Cejudo
52%
213 | 225 Robert Whittaker
52%
201 | 209 | 228 Tyron Woodley
52%
267 Glover Teixeira
48%
265 Ciryl Gane
41%
255 Deiveson Figueiredo
41%
184 | 190 Ronda Rousey
41%
259 Jan Blachowicz
37%
185 Rafael dos Anjos
37%
195 Robbie Lawler
37%
193 Holly Holm
33%
221 Yoel Romero
30%
188 Fabricio Werdum
26%
219 | 222 Cris Cyborg
22%
256 | 282 Draw
22%
237 Jessica Andrade
15%
208 Germaine de Randamie
4%
No matching quizzes found
Score Distribution
Percent of People with Each Score
Percentile by Number Answered
Your Score History
You have not taken this quiz since the last reset